000 00659nam a2200205Ia 4500
008 170504s9999 xx 000 0 und d
050 _aP 201
050 _b.So686 2016
100 _aSoliman, Ma. Ivanna Rae.
245 2 _aA comparative study on the portrayal of wife, husband, and mistress in the korean series and filipino adaptation of two wives /
245 _cMa. Ivanna Rae A. Soliman.
260 _aLas PiƱas, Philippines :
260 _bSISC,
260 _c2016.
300 _a38 pages :
300 _billustrations ;
300 _c28 cm.
500 _aIncludes bibliographical references and appendices.
521 _aMass Communication
999 _c329720
_d329720